Flagi kolonii brytyjskich - Statystyki

Ogólne statystyki
  • Ten quiz został rozwiązany 50 razy
    47 od ostatniego zresetowania
  • Średni wynik to 20 z 61
Statystyki odpowiedzi
Obrazkowy Hint Odpowiedź % Poprawnych
Bhutan
75%
Nowa Zelandia
71%
Związek Południowej Afryki
71%
Australia
68%
Indie
68%
Malediwy
68%
Palestyna
68%
Bermudy
61%
Brunei
61%
Katar
61%
Egipt
57%
Kamerun
57%
Kanada
57%
Falklandy
54%
Irak
50%
Malta
50%
Bahrajn
46%
Cypr
46%
Bahamy
43%
Brytyjskie Terytorium Oceanu Indyjskiego
43%
Nigeria
43%
Barbados
39%
Birma
36%
Oman
36%
Suazi
36%
Kenia
32%
Malaje
32%
Sudan Anglo-Egipski
32%
Tanganika
32%
Gibraltar
29%
Nowa Fundlandia
29%
Uganda
29%
Kuwejt
25%
Rodezja Północna
25%
Rodezja Południowa
25%
Transjordania
25%
Złote Wybrzeże
25%
Brytyjskie Terytorium Antarktyczne
21%
Gambia
21%
Niasa
21%
Aden
18%
Jamajka
18%
Trynidad i Tobago
18%
Afryka Południowo-Zachodnia
14%
Basuto
14%
Borneo Północne
14%
Cejlon
14%
Honduras
14%
Hong Kong
14%
Kanał Sueski
14%
Mauritius
14%
Oman Traktatowy
14%
Sierra Leone
14%
Brak oficjalnej flagi Beczuana
11%
Somali
11%
Wyspy Podwietrzne
11%
Wyspy Zawietrzne
11%
Zanzibar
11%
Brak oficjalnej flagi Brytyjskie Terytorium Zachodniego Pacyfiku
7%
Gujana
7%
Weihaiwei
7%
Nie znaleziono quizów pasujących do podanych kryteriów
Rozkład punktacji
Procent ludzi z każdym wynikiem
Percentyl według liczby udzielonych odpowiedzi
Twoja historia wyników
Nie rozwiązałeś tego quizu od ostatniego zresetowania